Business statistics using Excel : (Record no. 22276)
[ view plain ]
| 000 -LEADER | |
|---|---|
| fixed length control field | 01634cam a22003615a 4500 |
| 001 - CONTROL NUMBER | |
| control field | 016813682 |
| 003 - CONTROL NUMBER IDENTIFIER | |
| control field | OSt |
| 005 - DATE AND TIME OF LATEST TRANSACTION | |
| control field | 20201128023819.0 |
| 008 - FIXED-LENGTH DATA ELEMENTS--GENERAL INFORMATION | |
| fixed length control field | 140801s2015 sa a fbd 000 0 e d |
| 020 ## - INTERNATIONAL STANDARD BOOK NUMBER | |
| International Standard Book Number | 9780199044092 |
| 020 ## - INTERNATIONAL STANDARD BOOK NUMBER | |
| International Standard Book Number | 0199044090 |
| 040 ## - CATALOGING SOURCE | |
| Original cataloging agency | StDuBDS |
| Language of cataloging | eng |
| Transcribing agency | StDuBDS |
| Modifying agency | EG-ScBUE |
| 082 04 - DEWEY DECIMAL CLASSIFICATION NUMBER | |
| Edition number | 22 |
| Classification number | 005.54 |
| Item number | DAV |
| 100 1# - MAIN ENTRY--PERSONAL NAME | |
| Personal name | Davis, Glyn |
| Fuller form of name | (Glyn W.) |
| 9 (RLIN) | 40964 |
| 245 10 - TITLE STATEMENT | |
| Title | Business statistics using Excel : |
| Remainder of title | a first course for South African students / |
| Statement of responsibility, etc | Glyn Davis, Branko Pecar, Leonard Santana. |
| 250 ## - EDITION STATEMENT | |
| Edition statement | 2nd impression. |
| 260 ## - PUBLICATION, DISTRIBUTION, ETC. (IMPRINT) | |
| Place of publication, distribution, etc | South Africa : |
| Name of publisher, distributor, etc | Oxford University Press, |
| Date of publication, distribution, etc | 2015. |
| 300 ## - PHYSICAL DESCRIPTION | |
| Extent | xvii, 702 p. : |
| Other physical details | ill. ; |
| Dimensions | 25 cm. |
| 500 ## - GENERAL NOTE | |
| General note | Glossary : p. [689]-695. |
| 500 ## - GENERAL NOTE | |
| General note | Index : p.[696]-702. |
| 520 ## - SUMMARY, ETC. | |
| Summary, etc | Business Statistics Using Excel is packed full of examples and integrated Excel screenshots, guiding students step-by-step through the theory and methods behind the use of statistics in the real world. Student exercises running throughout each chapter serve to engage students and encourage self-directed learning and testing. |
| 590 ## - LOCAL NOTE (RLIN) | |
| Local note | shima<br/>Wessam |
| 630 00 - SUBJECT ADDED ENTRY--UNIFORM TITLE | |
| Uniform title | Microsoft Excel (Computer file). |
| 9 (RLIN) | 4503 |
| 650 #7 - SUBJECT ADDED ENTRY--TOPICAL TERM | |
| Topical term or geographic name as entry element | Commercial statistics. |
| Source of heading or term | BUEsh |
| 9 (RLIN) | 802 |
| 650 #7 - SUBJECT ADDED ENTRY--TOPICAL TERM | |
| Topical term or geographic name as entry element | Commercial statistics |
| Form subdivision | Problems, exercises, etc. |
| Source of heading or term | BUEsh |
| 9 (RLIN) | 40802 |
| 651 ## - SUBJECT ADDED ENTRY--GEOGRAPHIC NAME | |
| Source of heading or term | BUEsh |
| 653 ## - INDEX TERM--UNCONTROLLED | |
| Resource For college | BAEPS, Economics |
| Arrived date list | August 2016 |
| Resource For college | BAEPS, Economics |
| Arrived date list | November2016 |
| 653 ## - INDEX TERM--UNCONTROLLED | |
| Resource For college | BAEPS, Economics |
| Arrived date list | November2016 |
| 700 1# - ADDED ENTRY--PERSONAL NAME | |
| Personal name | Pecar, Branko, |
| Dates associated with a name | 1953- |
| 700 1# - ADDED ENTRY--PERSONAL NAME | |
| Personal name | Santana, Leonard, |
| 9 (RLIN) | 41676 |
| 856 ## - ELECTRONIC LOCATION AND ACCESS | |
| Uniform Resource Identifier | <a href="https://www.oxford.co.za/book/9780199044092-business-statistics-using-excel#.WDGO8MmCqlo">https://www.oxford.co.za/book/9780199044092-business-statistics-using-excel#.WDGO8MmCqlo</a> |
| Link text | Lecturer resources |
| 942 ## - ADDED ENTRY ELEMENTS (KOHA) | |
| Source of classification or shelving scheme | Dewey Decimal Classification |
| Edition | 22 |
| Call number prefix | 005.54 DAV |
| Withdrawn status | Item status | Source of classification or shelving scheme | Damaged status | Not for loan | Vendor | Home library | Current library | Shelving location | Date acquired | Source of acquisition | Cost, normal purchase price | Serial Enumeration / chronology | Total Checkouts | Full call number | Barcode | Date last seen | Cost, replacement price | Koha item type | Date last borrowed |
|---|---|---|---|---|---|---|---|---|---|---|---|---|---|---|---|---|---|---|---|
| Dewey Decimal Classification | Baccah | Central Library | Central Library | Lower Floor | 30/08/2016 | Purchase | 330.00 | 25140 | 005.54 DAV | 000033423 | 15/07/2025 | 412.50 | Book - Borrowing | ||||||
| Dewey Decimal Classification | Baccah | Central Library | Central Library | Lower Floor | 01/11/2016 | Purchase | 330.00 | 25846 | 005.54 DAV | 000045204 | 15/07/2025 | 412.50 | Book - Borrowing | ||||||
| Dewey Decimal Classification | Baccah | Central Library | Central Library | Lower Floor | 20/11/2016 | Purchase | 330.00 | 25846 | 1 | 005.54 DAV | 000034798 | 15/07/2025 | 412.50 | Book - Borrowing | 18/11/2023 |